000 00557ntaaa2200193 4500
003 01
005 20251027201252.0
008 0714s1973 ag 01
040 _aAR-BaBN
_bspa
_cAR-BaBN
_eaacr
_dRIC
082 _a220.93 W67
100 _aWiliams, Albert N.
_910858
245 _aWhat archaeology says about the Bible /
_cAlbert N. Wiliams
260 _aNew York :
_bAssociation Press,
_cc1957
300 _a125 p.
500 _aBAJA PATRIMONIAL POR OBSOLESCENCIA 20190301 INV.018592
650 _aBiblia
_9468
650 _aArqueologia
_95159
942 _cBK
999 _c7066
_d7066